000 00390cam a2200169 4500
001 D13114
008 090401t1967 xxu||||| |||| 00| 0 eng d
035 _a(Sirsi) u7809
041 _aeng
100 _aJohnson, T.A.
245 _aCalculations for betterment levy
260 _aLondon
_bCEM
_c1967
350 _a0
520 _aShelf 117 ; 2 copies
942 _n0
948 _c04/03/1997
999 _c86446
_d86446